00691nam a2200253Ia 450000500170000000800460001702000180006303700100008104000080009104000080009904000080010704100080011504100080012308400080013110000120013924500600015126000310021126000090024265000240025185600400027594200100031599900210032595200910034620260306164309.0008 260114s9999 xx 000 0 eng d a9780691185408 aEBOOK aCRL beng cCRL 2eng aeng qCRL aPomfret 4aThe Central Asian Economies In The Twenty-first Century bPrinceton University Press c2019 aEconomics & Finance uhttps://academic.oup.com/book/15826 cEBOOK c1713550d1713550 00104070aCRLbCRLd2026-03-06l0pCL2006071r2026-03-06 16:43:09w2026-03-06yEBOOK